Sześć najbliższych krajów - Belgia - Statystyki

Ogólne statystyki
  • Ten quiz został rozwiązany 85 razy
  • Średni wynik to 4 z 6
Statystyki odpowiedzi
km kraj % Poprawnych
0 Niemcy
96%
0 Holandia
93%
0 Francja
88%
0 Luksemburg
83%
80 Wielka Brytania
38%
254 Szwajcaria
23%
Nie znaleziono quizów pasujących do podanych kryteriów
Rozkład punktacji
Procent ludzi z każdym wynikiem
Percentyl według liczby udzielonych odpowiedzi
Twoja historia wyników
Nie rozwiązałeś tego quizu